000 00465nam a2200181Ia 4500
001 1772
005 20260306143753.0
008 260306t2014||||xx |||||||||||||| ||spa||
041 _aESP
082 _a155.4
_bE92
100 _aNóstica Editorial
_eAUT
245 0 _aEstimulación temprana:
_bguía de actividades para niños de 0 a 4 años
260 _c2014
300 _a124 páginas :
_c21 cm.
650 _aGEN
654 _aCPS
942 _cLIB
_dJUS
_fJUS
_2ddc
_n
999 _c1772
_d1772